| 000 -ლიდერი |
| ფიქსირებული სიგრძის საკონტროლო ველი |
01054nam a2200229Ia 4500 |
| 001 - საკონტროლო ნომერი |
| საკონტროლო ველი |
6118 |
| 003 - საკონტროლო ნომრის იდენტიფიკატორი |
| საკონტროლო ველი |
GE_BSU |
| 005 - ბოლო ოპერაციის თარიღი და დრო |
| საკონტროლო ველი |
20190924105009.0 |
| 008 - ფიქსირებული სიგრძის მონაცემთა ელემენტები - ზოგადი ინფორმაცია |
| ფიქსირებული სიგრძის საკონტროლო ველი |
181216s||||||||xx |||||||||||||| ||und|| |
| 040 ## - კატალოგიზაციის წყარო |
| Transcribing agency |
GE_BSU |
| 041 ## - ენის კოდი |
| Language code of text/sound track or separate title |
geo |
| 080 ## - უნივერსალური ათობითი კლასიფიკაციის ინდექსი |
| Universal Decimal Classification number |
630.2(479.22)+821.353.1 ა-87 |
| 100 ## - მთავარი ჩანაწერი - პიროვნების სახელი |
| Personal name |
ასკურავა, დავით |
| 9 (RLIN) |
4258 |
| 245 ## - ცნობა სათაურის შესახებ |
| Title |
ხვალინდელი დღის საძირკველი : |
| Remainder of title |
ნარკვევები ტყის დამცველებზე / |
| Statement of responsibility, etc |
დავით ასკურავა ; რედ. მარინე სოხაძე. |
| 250 ## - გამოცემის ცნობა |
| Edition statement |
1-ლი გამოც. |
| 264 ## - წარმოების, გამოცემის, დისტრიბუციის და სხვა ცნობები |
| გამოცემის, წარმოების, დისტრიბუციის... ადგილი |
თბილისი : |
| გამოცემის, წარმოების, დისტრიბუციის... სახელწოდება |
ნაკადული ; |
| გამოცემის, წარმოების, დისტრიბუციის... თარიღი |
1976. |
| 300 ## - ფიზიკური აღწერა |
| Extent |
69 გვ. ; |
| Dimensions |
20 სმ. |
| 653 ## - INDEX TERM--UNCONTROLLED |
| Uncontrolled term |
ნარკვევები ტყის დამცველებზე |
| 653 ## - INDEX TERM--UNCONTROLLED |
| Uncontrolled term |
ხვალინდელი დღის საძირკველი |
| 700 ## - ADDED ENTRY--PERSONAL NAME |
| Personal name |
სოხაძე, მარინე |
| Relator term |
რედაქტორი |
| 9 (RLIN) |
4259 |
| 942 ## - ADDED ENTRY ELEMENTS (KOHA) |
| Koha item type |
წიგნი |
| Source of classification or shelving scheme |
|